Breve historia de nuestro mar / (Record no. 1971)

000 -CABECERA
fixed length control field 00764nam a22002177a 4500
003 - IDENTIFICADOR DEL NÚMERO DE CONTROL
control field AR-CdUCM
008 - DATOS DE LONGITUD FIJA--INFORMACIÓN GENERAL
fixed length control field 190228b ||||| |||| 00| 0 spa d
040 ## - FUENTE DE LA CATALOGACIÓN
Agencia/entidad que catalogó originalmente la obra MUNICIPALIDAD PROVINCIAL DEL CUSCO
Entidad que transcribió la catalogación BIBLIOTECA MUNICIPAL DEL CUSCO
082 ## - NÚMERO DE LA CLASIFICACIÓN DECIMAL DEWEY
No. de Clasificación 918.5 /
Notacion interna SI58
100 ## - ENTRADA PRINCIPAL--NOMBRE DE PERSONA
Nombre Personal Sivirichi, Atilio
245 ## - MENCIÓN DE TÍTULO
Título Breve historia de nuestro mar /
260 ## - PUBLICACIÓN, DISTRIBUCIÓN, ETC.
Lugar de publicación, distribución, etc. Lima :
Nombre de la editorial, distribuidor, etc. Talls. de Jorge Rey Torrao,
Fecha de publicación, distribución, etc. 1968.
300 ## - DESCRIPCIÓN FÍSICA
Nº de Páginas Extensión 239 páginas ;
Dimensiones 17 cm.
505 ## - NOTA DE CONTENIDO CON FORMATO
Nota de contenido formateada Contiene : Estudio histórico del Oceano Pacífico y la costa del Perú.
650 ## - PUNTO DE ACCESO ADICIONAL DE MATERIA--TÉRMINO DE MATERIA
Descriptor Dominio marítimo (Derecho internacional)
9 (RLIN) 7195
650 ## - PUNTO DE ACCESO ADICIONAL DE MATERIA--TÉRMINO DE MATERIA
Descriptor Mar Perú
9 (RLIN) 7196
650 ## - PUNTO DE ACCESO ADICIONAL DE MATERIA--TÉRMINO DE MATERIA
Descriptor Pacífico del Sur, Océano
9 (RLIN) 7197
700 ## - PUNTO DE ACCESO ADICIONAL--NOMBRE DE PERSONA
Nombre Personal Valencia, Raúl (ilustraciones)
9 (RLIN) 7198
942 ## - ELEMENTOS DE PUNTO DE ACCESO ADICIONAL (KOHA)
Fuente de clasificación
Tipo de item Libros-BMC
945 ## - PROCESAMIENTO DE INFORMACIÓN LOCAL (OCLC)
Catalogador zta
Holdings
Estado de retiro (separado) Fuente de clasificación o esquema de estanterías Estado dañado Ubicación Sala donde se ubica Nombre de la colección Fecha de adquisición o compra Costo, precio normal en soles Signatura topográfica Código de Barras Última vez visto (Koha) Tipo de ítem (Koha)
No     Sala Humanidades Sala Humanidades Book Cart 2019-02-28 12.00 918.5 / SI58 SH0000002426 2019-02-28 Libros-BMC
No     Sala Humanidades Sala Humanidades Book Cart 2019-02-28   918.5 / SI58 / e.2 SH0000002427 2019-02-28 Libros-BMC
No     Sala Humanidades Sala Humanidades Book Cart 2019-02-28 30.00 918.5/SI58/e.3 SH0000011579 2019-05-03 Libros-BMC
No     Sala Humanidades Sala Humanidades Book Cart 2019-05-03 30.00 918.5/SI58/e.4 SH0000011600 2019-05-03 Libros-BMC

Powered by Koha